Deutsche Lieder nach Buchstabe - V - Statistiken

Allgemein
  • Dieses Quiz wurde 174 mal gespielt
  • Das Durchschnittsergebnis liegt bei 6 aus 18
Antwortstatistiken
Titel Interpret % Korrekt
Verdammt, ich lieb' dich Matthias Reim
84%
Viva Colonia Höhner
69%
Vincent Sarah Connor
67%
Vielen Dank für die Blumen Udo Jürgens
65%
Vom selben Stern Ich + Ich
64%
Verdamp lang her BAP
59%
Verlieben, verloren, vergessen, verzeih’n Wolfgang Petry
57%
Vermissen Juju feat. Henning May
48%
Verpiss dich Tic Tac Toe
47%
Verliebte Jungs Purple Schulz
16%
Ventilator Die Orsons
14%
Vater Unser E Nomine
6%
Vergiss mich Luttenberger*Klug
6%
Verdammt! (und dann stehst du im Regen) Wolfgang Ziegler
6%
Verrückt Eisbrecher
3%
Vielleicht Josh
3%
Verschwende mich OK Kid
3%
Vo Mello bis ge Schoppornou Holstuonarmusigbigbandclub
2%
Keine übereinstimmenden Quizze gefunden
Verteilung der Resultate
Anzahl Personen mit jedem Resultat
Perzentil nach korrekt beantworteten Fragen
Ihre Resultats-Entwicklung
Sie haben dieses Quiz noch nicht gespielt